京王7000系の駅名対象表 - Statistics

General Stats
  • This quiz has been taken 420 times
  • The average score is 34 of 51
Answer Stats
Hint Answer % Correct
2 特急
98%
3 急行
96%
4 快速
96%
12 新宿
96%
2 高尾
94%
13 京王八王子
93%
14 高尾山口
93%
5 準特急
91%
7 回送
91%
5 調布
91%
7 橋本
91%
9 府中
91%
20 笹塚
90%
1 各停
89%
6 京王多摩センター
88%
16 北野
88%
18 本八幡
88%
32 本八幡
88%
10 高幡不動
87%
8 試運転
83%
17 東府中
81%
26 大島
81%
10 区間急行
80%
8 府中競馬正門前
80%
3 桜上水
78%
11 多摩動物公園
78%
21 新線新宿
78%
9 臨時
75%
4 つつじヶ丘
72%
15 若葉台
68%
24 岩本町
64%
6 通勤快速
61%
30 瑞江
60%
34 飛田給
58%
37 飛田給
58%
27 市ヶ谷
53%
35 南大沢
53%
38 南大沢
53%
28 東大島
51%
31 篠崎
51%
29 船堀
49%
33 八幡山
49%
25 住吉
37%
11 ワンマン
22%
22 京王八王子・高尾山口
22%
19 高幡不動-多摩動物公園
19%
23 京王八王子・橋本
19%
36 東府中-府中競馬正門前
18%
0 調整中
9%
12 調整中
9%
40 調整中
9%
No matching quizzes found
Score Distribution
Percent of People with Each Score
Percentile by Number Answered
Your Score History
You have not taken this quiz